000 01178nam a22003497a 4500
003 CHAP
005 20220329143301.0
008 080129d2003 es d r 00110 spa d
010 _a94389
011 _a95361
020 _a8484761363
035 _a105984
040 _cCHAP
082 0 4 _a628.1
_bA8
100 1 _aAlbiac Murillo, José.
_93491
245 1 4 _aLos instrumentos económicos en la gestión del agua en la agricultura
_c/por José Albiac Murillo
260 _aMadrid :
_bMundi-Prensa,
_c2003
300 _a127 p. :
_bcuadros
590 _aBATCH-UPD
_b10
_c20130110
_lUCH01
_h0159
590 _aBATCH-UPD
_b10
_c20130110
_lUCH01
_h0804
590 _aBATCH-UPD
_b10
_c20130409
_lUCH01
_h2205
590 _aBATCH-UPD
_b10
_c20130410
_lUCH01
_h1045
590 _aBATCH-UPD
_b10
_c20130913
_lUCH01
_h2349
590 _aCONVERSION
_b10
_c20130109
_lUCH01
_h1352
650 1 4 _aAgua para irrigacion.
_92430
650 1 4 _aAgua
_xAbastecimiento
_zEspana.
_92268
650 1 4 _aHidrología.
_955257
650 1 4 _zEspaña
_xCondiciones económicas.
_9124372
901 _aBK
942 _cLIBRO
949 _a628.1 A8
_bBC
_cLIBRO
_d33724002049314
_eLIBRO
_gI.c/e
_h109041
_i105984
_sb
_t$377.00
999 _c94389
_d94389